| 000 | 00000nam##2200000za#4500 |
| 001 | 9.640287 |
| 003 | CaOODSP |
| 005 | 20210624222609 |
| 007 | cr ||||||||||| |
| 008 | 150407|1998||||xxc|||||o f|0| 0 fre|d |
| 040 | |aCaOODSP|bfre |
| 043 | |an-cn--- |
| 086 | 1 |aEn40-546/1998F-PDF |
| 110 | 1 |aCanada. |bEnvironnement Canada. |
| 245 | 10|aOù peut-on trouver-- : |h[ressource électronique]|bun guide de recherche pour les groupes intéressés aux questions relatives à la santé et à l'environnement / |cpar Donalee Moulton. |
| 260 | |aDartmouth - Nouvelle-Écosse : |bEnvironnement Canada |cc1998. |
| 300 | |a24p.|bill. |
| 500 | |aLe n° de catalogue (En 40-546/1998F) et l'ISBN (0-662-82721-X) de l'édition imprimée ont été incorrectement copiés dans l'édition électronique. «Le PAC a été établi conjointement par Santé Canada et Environnement Canada dans le but de renforcer la capacité des communautés à relier et résoudre les problèmes relatifs à la santé et à l'environnement.»--Verso de la couverture. |
| 590 | |a12-21-Supp|b2012-05-18 |
| 691 | 07|aSanté|2gcpds |
| 691 | 07|aEnvironnement|2gcpds |
| 720 | 1 |aMoulton, Donalee |
| 775 | 08|tWhere can I find-- : |w(CaOODSP)9.696167 |
| 776 | 0#|tOù peut-on trouver... un guide de recherche pour les groupes intéressés aux questions relatives à la santé et à l'environnement / |w(CaOODSP)9.680364 |
| 856 | 40|ahttp://publications.gc.ca|qPDF|s1.56 Mo|uhttps://publications.gc.ca/collections/Collection/En40-546-1998F.pdf |